000
00332nam a2200133Ia 4500
008
240624s9999 xx 000 0 und d
041
_a
eng
082
_a
658 SHE
100
_a
SHEIKH ARIF I
245
_a
MALL MANAGEMENT
260
_c
2008
_a
New Delhi
_b
Himalaya Publishing House
300
_a
392 : p. : cm. ; 24
365
_c
RS
_b
25
999
_c
12072
_d
12072